[Event "CZE-tht Extraliga 2018-19"]
[Site "Czech Republic"]
[Date "2019.04.21"]
[Round "11.4"]
[White "Cvek, Robert"]
[Black "Parizek, Vojtech"]
[Result "1-0"]
[WhiteElo "2524"]
[BlackElo "2252"]
[Annotator "ChessBase"]
[PlyCount "73"]
[EventDate "2018.11.03"]
[EventType "team-tourn"]
[EventCountry "CZE"]
[SourceTitle "playchess.com"]
[Source "ChessBase"]
[SourceQuality "1"]
[WhiteTeam "Poruba"]
[BlackTeam "Siesta B"]

1. Nf3 Nf6 2. g3 g6 3. Bg2 Bg7 4. O-O O-O 5. d4 d6 6. Re1 Nbd7 7. e4 e5 8. Nc3 c6 9. a4 Qc7 10. a5 Re8 11. h3 exd4 12. Nxd4 Nc5 13. Bf4 Nh5 14. Ndb5 cxb5 15. Bxd6 Qd8 16. Bxc5 Bd7 17. Bd6 Be5 18. Bxe5 Rxe5 19. Qd4 Re8 20. a6 bxa6 21. e5 Rc8 22. Rxa6 Rc4 23. Qxa7 Be6 24. Nxb5 Qd2 25. Qe3 Qxe3 26. Rxe3 Rxc2 27. Rc3 Rxb2 28. Nc7 Rf8 29. Rf3 Ng7 30. Rf6 Ne8 31. Nxe6 fxe6 32. Rxf8+ Kxf8 33. Rxe6 Rb1+ 34. Kh2 Re1 35. f4 Rd1 36. g4 Kf7 37. Rb6 1-0

[Event "CZE-tht Extraliga 2018-19"]
[Site "Czech Republic"]
[Date "2019.04.21"]
[Round "11.4"]
[White "Bernasek, Jan"]
[Black "Stocek, Jiri"]
[Result "1/2-1/2"]
[WhiteElo "2484"]
[BlackElo "2563"]
[Annotator "ChessBase"]
[PlyCount "104"]
[EventDate "2018.11.03"]
[EventType "team-tourn"]
[EventCountry "CZE"]
[SourceTitle "playchess.com"]
[Source "ChessBase"]
[SourceQuality "1"]
[WhiteTeam "Siesta"]
[BlackTeam "Pardubice"]

1. c4 e5 2. Nc3 Bb4 3. Nd5 Bc5 4. b4 Be7 5. Bb2 d6 6. Nf3 Nf6 7. Nxe7 Qxe7 8. e3 O-O 9. Be2 e4 10. Nd4 c5 11. bxc5 dxc5 12. Nb5 Nc6 13. O-O Ne5 14. f4 exf3 15. Bxf3 a6 16. Bxe5 Qxe5 17. Nc3 Rb8 18. Rb1 Rd8 19. Rb6 Rd6 20. Rxd6 Qxd6 21. Nd5 Nxd5 22. Bxd5 Be6 23. e4 b5 24. d3 Qe5 25. Bxe6 Qxe6 26. cxb5 axb5 27. Qb3 Qd7 28. Kh1 Rc8 29. h3 c4 30. dxc4 bxc4 31. Qc3 h6 32. Rf3 Qc6 33. Rg3 g6 34. e5 Ra8 35. Rg4 Rxa2 36. Qxc4 Qxc4 37. Rxc4 Kf8 38. Rh4 h5 39. Re4 Ke7 40. Kh2 Rf2 41. Kg1 Rf5 42. g4 Rg5 43. Kf2 Ke6 44. Kg3 Rxe5 45. Ra4 Re3+ 46. Kh4 hxg4 47. hxg4 f6 48. g5 Kf5 49. Rg4 Re4 50. Rxe4 fxg5+ 51. Kg3 Kxe4 52. Kg4 Ke5 1/2-1/2

[Event "CZE-tht Extraliga 2018-19"]
[Site "Czech Republic"]
[Date "2019.04.21"]
[Round "11.4"]
[White "Blahynka, Martin"]
[Black "Langner, Ladislav"]
[Result "1/2-1/2"]
[WhiteElo "2422"]
[BlackElo "2375"]
[Annotator "TA"]
[PlyCount "118"]
[EventDate "2018.11.03"]
[EventType "team-tourn"]
[EventCountry "CZE"]
[SourceTitle "playchess.com"]
[Source "ChessBase"]
[SourceQuality "1"]
[WhiteTeam "Duras"]
[BlackTeam "Cesky Tesin"]

1. e4 c5 2. Nf3 e6 3. d4 cxd4 4. Nxd4 Nf6 5. Bd3 Nc6 6. Be3 e5 7. Nxc6 dxc6 8. h3 Be6 9. Nd2 Nd7 10. Bc4 Qf6 11. Bxe6 Qxe6 12. Qg4 Qxg4 13. hxg4 Bc5 14. Nc4 Bxe3 15. Nxe3 Nc5 16. f3 Rd8 17. Rd1 Rxd1+ 18. Kxd1 f6 19. Kc1 Ne6 20. Rd1 h5 21. Rh1 h4 22. Nf5 g5 23. Kd2 Kf7 24. Ke3 Nf4 25. g3 Ng6 26. gxh4 Nxh4 27. Kf2 Rh7 28. a4 a5 29. b3 Ke8 30. Nxh4 gxh4 31. Kg2 Kd7 32. Rd1+ Kc7 33. Kh3 b5 34. c4 bxc4 35. bxc4 c5 36. Rb1 Rd7 37. Rb5 Rd3 38. Rxc5+ Kb6 39. Rb5+ Ka6 40. Kxh4 Rxf3 41. c5 Re3 42. Rb6+ Ka7 43. Rxf6 Rxe4 44. Re6 Kb7 45. Kh5 Rxa4 46. g5 Ra1 47. g6 a4 48. g7 a3 49. g8=Q Rh1+ 50. Kg6 Rg1+ 51. Kf7 Rxg8 52. c6+ Kc7 53. Kxg8 a2 54. Re7+ Kxc6 55. Ra7 e4 56. Kf7 e3 57. Rxa2 Kd5 58. Kf6 Ke4 59. Kg5 Kf3 1/2-1/2

[Event "CZE-tht Extraliga 2018-19"]
[Site "Czech Republic"]
[Date "2019.04.21"]
[Round "11.5"]
[White "Rausis, Igors"]
[Black "Vojta, Tomas"]
[Result "1-0"]
[WhiteElo "2653"]
[BlackElo "2369"]
[Annotator "TA"]
[PlyCount "65"]
[EventDate "2018.11.03"]
[EventType "team-tourn"]
[EventCountry "CZE"]
[SourceTitle "playchess.com"]
[Source "ChessBase"]
[SourceQuality "1"]
[WhiteTeam "Beskydska"]
[BlackTeam "Brno"]

1. d4 d5 2. c4 Nc6 3. Nc3 Nf6 4. Nf3 dxc4 5. e4 Bg4 6. Be3 e6 7. Bxc4 Bb4 8. Qc2 O-O 9. Rd1 Qe7 10. Be2 e5 11. d5 Nd4 12. Nxd4 exd4 13. Rxd4 Bxe2 14. Kxe2 Ng4 15. Nd1 Kh8 16. h3 Nxe3 17. Nxe3 f5 18. exf5 Rae8 19. Rc1 Ba5 20. Kf1 Qe5 21. Rh4 Bb6 22. f6 h6 23. fxg7+ Kxg7 24. Nc4 Qf6 25. Rg4+ Kh8 26. Nxb6 cxb6 27. Kg1 Rc8 28. Qxc8 Qxf2+ 29. Kh2 Rxc8 30. Rxc8+ Kh7 31. Rc7+ Kh8 32. Re4 Qf8 33. Rce7 1-0

[Event "CZE-tht Extraliga 2018-19"]
[Site "Czech Republic"]
[Date "2019.04.21"]
[Round "11.5"]
[White "Votava, Jan"]
[Black "Jurcik, Marian"]
[Result "1/2-1/2"]
[WhiteElo "2518"]
[BlackElo "2494"]
[Annotator "RC"]
[PlyCount "88"]
[EventDate "2018.11.03"]
[EventType "team-tourn"]
[EventCountry "CZE"]
[SourceTitle "playchess.com"]
[Source "ChessBase"]
[SourceQuality "1"]
[WhiteTeam "Pardubice"]
[BlackTeam "Siesta"]

1. e4 d6 2. c4 c5 3. Nc3 Nc6 4. Nge2 e5 5. g3 g6 6. Bg2 Bg7 7. d3 Nge7 8. f4 O-O 9. O-O f5 10. Rb1 Rb8 11. a3 b6 12. b4 Nd4 13. fxe5 Bxe5 14. Bh6 Rf7 15. Qd2 Bb7 16. Nxd4 Bxd4+ 17. Be3 Bxe3+ 18. Qxe3 Qd7 19. e5 dxe5 20. Bxb7 Rxb7 21. bxc5 Qc7 22. Rfe1 f4 23. Qxe5 f3 24. Rb2 Qc6 25. Ne4 bxc5 26. Rxb7 Qxb7 27. Qxc5 Qb2 28. Nf2 Qc3 29. Qb4 Qd4 30. Qb8+ Rf8 31. Qe5 Nf5 32. Qxd4 Nxd4 33. Rb1 Rf6 34. c5 Ra6 35. Ne4 Rxa3 36. Kf2 Rxd3 37. Rb8+ Kf7 38. Rb7+ Ke6 39. c6 Ra3 40. Nc5+ Kd5 41. c7 Ra2+ 42. Kf1 Ra1+ 43. Kf2 Ra2+ 44. Kf1 Ra1+ 1/2-1/2

[Event "CZE-tht Extraliga 2018-19"]
[Site "Czech Republic"]
[Date "2019.04.21"]
[Round "11.5"]
[White "Oral, Tomas"]
[Black "Koziol, Kamil"]
[Result "0-1"]
[WhiteElo "2516"]
[BlackElo "2280"]
[Annotator "ChessBase"]
[PlyCount "82"]
[EventDate "2018.11.03"]
[EventType "team-tourn"]
[EventCountry "CZE"]
[SourceTitle "playchess.com"]
[Source "ChessBase"]
[SourceQuality "1"]
[WhiteTeam "Lysa nad Labem"]
[BlackTeam "Ostrava"]

1. e4 c5 2. Nf3 d6 3. Bb5+ Nd7 4. d4 cxd4 5. Qxd4 a6 6. Bxd7+ Bxd7 7. O-O Rc8 8. c4 e5 9. Qd3 h6 10. Nc3 Nf6 11. b3 Be7 12. Be3 Qc7 13. a4 b6 14. Nh4 g6 15. f4 Bc6 16. f5 g5 17. Nf3 Qb7 18. Nd2 Kf8 19. Nd5 Bxd5 20. cxd5 Nd7 21. Nc4 f6 22. h4 Kg7 23. Qe2 Nc5 24. Bxc5 Rxc5 25. Qh5 Qd7 26. Qg6+ Kf8 27. Rfc1 Bd8 28. b4 Rc7 29. Ne3 Qc8 30. Re1 h5 31. hxg5 Rg7 32. Rac1 Qd7 33. gxf6 Rxg6 34. fxg6 Bxf6 35. Rf1 Kg7 36. Rc6 Kxg6 37. Nf5 Rd8 38. Rfc1 h4 39. Nxd6 Qg4 40. Rf1 h3 41. Rf2 Rh8 0-1

[Event "CZE-tht Extraliga 2018-19"]
[Site "Czech Republic"]
[Date "2019.04.21"]
[Round "11.5"]
[White "Vykouk, Jan"]
[Black "Krejci, Jan"]
[Result "1/2-1/2"]
[WhiteElo "2441"]
[BlackElo "2588"]
[Annotator "ChessBase"]
[PlyCount "36"]
[EventDate "2018.11.03"]
[EventType "team-tourn"]
[EventCountry "CZE"]
[SourceTitle "playchess.com"]
[Source "ChessBase"]
[SourceQuality "1"]
[WhiteTeam "Turnov"]
[BlackTeam "Novoborsky"]

1. e4 c5 2. Nf3 Nc6 3. Nc3 d6 4. d4 cxd4 5. Nxd4 Nf6 6. Bg5 e6 7. Qd2 a6 8. O-O-O Bd7 9. f4 b5 10. Bxf6 gxf6 11. g3 Qb6 12. Nf3 Be7 13. Kb1 Na5 14. f5 b4 15. fxe6 fxe6 16. Ne2 Nc4 17. Qh6 Ne3 18. Rd3 Nxf1 1/2-1/2

[Event "CZE-tht Extraliga 2018-19"]
[Site "Czech Republic"]
[Date "2019.04.21"]
[Round "11.5"]
[White "Mrazek, Lumir"]
[Black "Roubalik, Jakub"]
[Result "0-1"]
[WhiteElo "2364"]
[BlackElo "2417"]
[Annotator "TA"]
[PlyCount "90"]
[EventDate "2018.11.03"]
[EventType "team-tourn"]
[EventCountry "CZE"]
[SourceTitle "playchess.com"]
[Source "ChessBase"]
[SourceQuality "1"]
[WhiteTeam "Cesky Tesin"]
[BlackTeam "Duras"]

1. e4 c5 2. Nc3 Nc6 3. f4 e6 4. Nf3 d5 5. Bb5 d4 6. Bxc6+ bxc6 7. Na4 Nf6 8. e5 Nd5 9. b3 Nxf4 10. O-O Be7 11. c4 dxc3 12. dxc3 Qxd1 13. Rxd1 Ne2+ 14. Kf2 Nxc1 15. Raxc1 c4 16. bxc4 c5 17. Rb1 Bd7 18. Rxd7 Kxd7 19. Rb7+ Kd8 20. Nd2 Re8 21. Ne4 f6 22. Nd6 Rf8 23. Nb5 fxe5+ 24. Ke2 Rf4 25. Nxa7 Rxc4 26. Nb6 Re4+ 27. Kd3 Rxa7 28. Rxa7 Rg4 29. g3 e4+ 30. Ke2 Bf6 31. a4 Bxc3 32. a5 e3 33. Rd7+ Ke8 34. a6 Rb4 35. Rb7 Bd4 36. a7 Rb2+ 37. Kd3 Rd2+ 38. Kc4 Ra2 39. a8=Q+ Rxa8 40. Nxa8 e2 41. Nc7+ Kd7 42. Nb5+ Kd8 43. Nxd4 e1=Q 44. Nc6+ Ke8 45. Kxc5 Qd2 0-1

[Event "CZE-tht Extraliga 2018-19"]
[Site "Czech Republic"]
[Date "2019.04.21"]
[Round "11.5"]
[White "Vrbata, Zbynek"]
[Black "Londyn, Radek"]
[Result "1-0"]
[WhiteElo "2342"]
[BlackElo "2412"]
[Annotator "NA"]
[PlyCount "91"]
[EventDate "2018.11.03"]
[EventType "team-tourn"]
[EventCountry "CZE"]
[SourceTitle "playchess.com"]
[Source "ChessBase"]
[SourceQuality "1"]
[WhiteTeam "Siesta B"]
[BlackTeam "Poruba"]

1. d4 d6 2. g3 e5 3. Bg2 Nc6 4. d5 Nb8 5. c4 f5 6. Nc3 Nf6 7. Nf3 Be7 8. e4 Nxe4 9. Nxe4 fxe4 10. Ng5 Bxg5 11. Qh5+ g6 12. Qxg5 Qxg5 13. Bxg5 Nd7 14. Bxe4 Nc5 15. Bc2 Bf5 16. O-O-O O-O 17. Be3 b6 18. Rhf1 Bg4 19. Rde1 Bf3 20. Rg1 a5 21. h3 Rf7 22. Bh6 a4 23. Re3 b5 24. cxb5 Bxd5 25. f4 e4 26. Rd1 Bb7 27. Rc3 Ne6 28. b3 d5 29. bxa4 Re7 30. Bb3 Rd8 31. g4 g5 32. f5 Nf4 33. Re3 Ng2 34. Rc3 e3 35. Bxg5 Rdd7 36. Rg1 e2 37. Bd2 e1=Q+ 38. Bxe1 Rxe1+ 39. Rxe1 Nxe1 40. Re3 Ng2 41. Re8+ Kg7 42. g5 Nf4 43. a5 c5 44. a6 c4 45. Bc2 Nxh3 46. Rb8 1-0

[Event "CZE-tht Extraliga 2018-19"]
[Site "Czech Republic"]
[Date "2019.04.21"]
[Round "11.6"]
[White "Babula, Vlastimil"]
[Black "Kraus, Tomas"]
[Result "1/2-1/2"]
[WhiteElo "2549"]
[BlackElo "2456"]
[Annotator "ChessBase"]
[PlyCount "32"]
[EventDate "2018.11.03"]
[EventType "team-tourn"]
[EventCountry "CZE"]
[SourceTitle "playchess.com"]
[Source "ChessBase"]
[SourceQuality "1"]
[WhiteTeam "Novoborsky"]
[BlackTeam "Turnov"]

1. d4 d5 2. c4 e6 3. Nc3 Nf6 4. cxd5 exd5 5. Bg5 Be7 6. e3 c6 7. Bd3 Nbd7 8. Nge2 h6 9. Bh4 Nh5 10. Bxe7 Qxe7 11. Qd2 Nb6 12. O-O O-O 13. f3 f5 14. b3 Bd7 15. Rae1 Rae8 16. Nc1 c5 1/2-1/2

[Event "CZE-tht Extraliga 2018-19"]
[Site "Czech Republic"]
[Date "2019.04.21"]
[Round "11.6"]
[White "Rydl, Jiri"]
[Black "Neuman, Petr"]
[Result "1/2-1/2"]
[WhiteElo "2428"]
[BlackElo "2397"]
[Annotator "NA"]
[PlyCount "30"]
[EventDate "2018.11.03"]
[EventType "team-tourn"]
[EventCountry "CZE"]
[SourceTitle "playchess.com"]
[Source "ChessBase"]
[SourceQuality "1"]
[WhiteTeam "Siesta"]
[BlackTeam "Pardubice"]

1. c4 c6 2. Nf3 d5 3. g3 g6 4. Bg2 Bg7 5. d4 Nf6 6. O-O O-O 7. b3 dxc4 8. bxc4 c5 9. Bb2 Qb6 10. Qb3 Ne4 11. e3 Nc6 12. Ne5 Nd6 13. Nd2 Be6 14. Qa3 Nxe5 15. dxe5 Nxc4 1/2-1/2

[Event "CZE-tht Extraliga 2018-19"]
[Site "Czech Republic"]
[Date "2019.04.21"]
[Round "11.6"]
[White "Bures, Jaroslav"]
[Black "Rehorek, Martin"]
[Result "1-0"]
[WhiteElo "2384"]
[BlackElo "2298"]
[Annotator "NA"]
[PlyCount "125"]
[EventDate "2018.11.03"]
[EventType "team-tourn"]
[EventCountry "CZE"]
[SourceTitle "playchess.com"]
[Source "ChessBase"]
[SourceQuality "1"]
[WhiteTeam "Poruba"]
[BlackTeam "Siesta B"]

1. d4 Nf6 2. c4 e6 3. Nc3 Bb4 4. e3 c5 5. Nge2 d6 6. a3 Ba5 7. Rb1 O-O 8. b4 Bc7 9. Ng3 Nbd7 10. Be2 b6 11. O-O Bb7 12. d5 cxb4 13. axb4 exd5 14. Nxd5 a5 15. e4 axb4 16. Rxb4 Re8 17. f3 Ra1 18. Nxc7 Qxc7 19. Qd4 Qc5 20. Qxc5 dxc5 21. Rb2 g6 22. Bf4 Rea8 23. Bc7 Rxf1+ 24. Nxf1 Bc6 25. Ne3 Ne8 26. Bg3 Kf8 27. Nd5 Ra6 28. Kf2 f6 29. h4 Kf7 30. Ke3 Ng7 31. Kd2 Ne6 32. Bd3 Nd4 33. Bf2 Ne6 34. Be3 Ng7 35. g4 h5 36. g5 f5 37. Ke2 fxe4 38. fxe4 Ne6 39. Kd2 Kf8 40. Bf1 Ne5 41. Be2 Kf7 42. Ke1 Ra1+ 43. Kf2 Ra6 44. Nf6 Ke7 45. Rb1 Nd7 46. Nd5+ Kf7 47. Bc1 Ra4 48. Bb2 Nd4 49. Bxd4 cxd4 50. Rd1 Ke6 51. Nf4+ Kf7 52. Rxd4 Ne5 53. Rd6 Bxe4 54. Rf6+ Kg7 55. Re6 Ra5 56. Rxb6 Bc6 57. Ke3 Ba8 58. Re6 Kf7 59. Rf6+ Kg7 60. Kd4 Nc6+ 61. Kc3 Ra3+ 62. Kb2 Re3 63. Rxg6+ 1-0

[Event "CZE-tht Extraliga 2018-19"]
[Site "Czech Republic"]
[Date "2019.04.21"]
[Round "11.6"]
[White "Cerveny, Martin"]
[Black "Hollan, Martin"]
[Result "1/2-1/2"]
[WhiteElo "2343"]
[BlackElo "2387"]
[Annotator "NA"]
[PlyCount "77"]
[EventDate "2018.11.03"]
[EventType "team-tourn"]
[EventCountry "CZE"]
[SourceTitle "playchess.com"]
[Source "ChessBase"]
[SourceQuality "1"]
[WhiteTeam "Duras"]
[BlackTeam "Cesky Tesin"]

1. d4 Nf6 2. Nf3 g6 3. c4 Bg7 4. Nc3 O-O 5. Bg5 d6 6. e3 Nc6 7. Be2 Bg4 8. Qb3 b6 9. h3 Bd7 10. O-O Na5 11. Qa3 c5 12. Rad1 Bf5 13. Nd2 Rc8 14. Rfe1 cxd4 15. exd4 Nc6 16. Nf1 a5 17. Ne3 Bd7 18. b3 h6 19. Bh4 g5 20. Bg3 Ne8 21. Nc2 Nc7 22. h4 g4 23. Qc1 Nb4 24. Ne3 f5 25. a3 Nc6 26. d5 Nd4 27. Nc2 Nxb3 28. Qe3 f4 29. Bxf4 Rxf4 30. Qxf4 Bxc3 31. Bxg4 Bxe1 32. Rxe1 Bxg4 33. Qxg4+ Kh8 34. Re3 Qg8 35. Qxg8+ Kxg8 36. Rxb3 Nxd5 37. cxd5 Rxc2 38. Rxb6 Rc5 39. a4 1/2-1/2

[Event "CZE-tht Extraliga 2018-19"]
[Site "Czech Republic"]
[Date "2019.04.21"]
[Round "11.6"]
[White "Obsivac, Josef"]
[Black "Szotkowski, Jakub"]
[Result "1/2-1/2"]
[WhiteElo "2285"]
[BlackElo "2380"]
[Annotator "NA"]
[PlyCount "82"]
[EventDate "2018.11.03"]
[EventType "team-tourn"]
[EventCountry "CZE"]
[SourceTitle "playchess.com"]
[Source "ChessBase"]
[SourceQuality "1"]
[WhiteTeam "Brno"]
[BlackTeam "Beskydska"]

1. d4 Nf6 2. c4 e6 3. Nc3 Bb4 4. e3 O-O 5. Nge2 d5 6. a3 Be7 7. Nf4 c6 8. Bd3 Nbd7 9. cxd5 exd5 10. O-O a5 11. f3 Nb6 12. Kh1 Re8 13. Qc2 Bf8 14. Nce2 g6 15. Bd2 a4 16. Rac1 Bg7 17. Qd1 Bd7 18. Qe1 Nc8 19. Qf2 Nd6 20. Ng3 b5 21. Rce1 Nc4 22. Bc1 Qb6 23. h3 Rad8 24. e4 Be6 25. e5 Nd7 26. Nfh5 Ndxe5 27. Bxc4 Nxc4 28. Nxg7 Kxg7 29. Ne2 Bc8 30. Nf4 Nd6 31. g4 Rxe1 32. Rxe1 Re8 33. Rxe8 Nxe8 34. Qe3 Qd8 35. Nd3 f6 36. Kg2 Nd6 37. h4 Qe8 38. Qf4 Qe2+ 39. Nf2 Qe7 40. Bd2 Nc4 41. Bb4 Qe6 1/2-1/2

[Event "CZE-tht Extraliga 2018-19"]
[Site "Czech Republic"]
[Date "2019.04.21"]
[Round "11.6"]
[White "Skalsky, Alexandr"]
[Black "Kislinsky, Alexey"]
[Result "1/2-1/2"]
[WhiteElo "2071"]
[BlackElo "2429"]
[Annotator "NA"]
[PlyCount "99"]
[EventDate "2018.11.03"]
[EventType "team-tourn"]
[EventCountry "CZE"]
[SourceTitle "playchess.com"]
[Source "ChessBase"]
[SourceQuality "1"]
[WhiteTeam "Ostrava"]
[BlackTeam "Lysa nad Labem"]

1. e4 c5 2. Nf3 a6 3. c4 d6 4. d4 cxd4 5. Nxd4 Nf6 6. Nc3 e6 7. Be2 b6 8. Be3 Bb7 9. f3 Qc7 10. O-O Be7 11. Qd2 O-O 12. Rfc1 Rc8 13. a4 Qd8 14. Bf1 Kh8 15. Kh1 Nfd7 16. Nd1 a5 17. Rab1 Na6 18. b3 Nb4 19. Nc3 Nc5 20. Ndb5 Qf8 21. Rd1 Rd8 22. Na2 Nc6 23. Qc2 Ne5 24. Nac3 Rac8 25. Qa2 Rd7 26. Rd2 Rcd8 27. Rbd1 g5 28. Qb1 Qh6 29. Ne2 Qg6 30. Bd4 Kg8 31. Nc1 Bc6 32. Nd3 Bf6 33. Bxe5 dxe5 34. Qc2 Na6 35. Nf2 Be7 36. Rxd7 Rxd7 37. Rxd7 Bxd7 38. Qd1 Be8 39. Nd6 f6 40. Nb5 Nc5 41. Nd3 Qf7 42. Be2 Qf8 43. Nxc5 Bxc5 44. Qd8 Bg6 45. Qd7 Qe7 46. Qxe7 Bxe7 47. g4 Bc5 48. Kg2 Kf7 49. Bd3 Ke7 50. h3 1/2-1/2

[Event "CZE-tht Extraliga 2018-19"]
[Site "Czech Republic"]
[Date "2019.04.21"]
[Round "11.7"]
[White "Pulpan, Jakub"]
[Black "Simek, Petr"]
[Result "1-0"]
[WhiteElo "2418"]
[BlackElo "2296"]
[Annotator "NA"]
[PlyCount "49"]
[EventDate "2018.11.03"]
[EventType "team-tourn"]
[EventCountry "CZE"]
[SourceTitle "playchess.com"]
[Source "ChessBase"]
[SourceQuality "1"]
[WhiteTeam "Pardubice"]
[BlackTeam "Siesta"]

1. e4 e5 2. Nf3 Nc6 3. Bb5 a6 4. Ba4 Nf6 5. d3 b5 6. Bb3 Bc5 7. c3 d6 8. h3 Bb6 9. a4 Bd7 10. Bg5 Rb8 11. Nbd2 h6 12. Bh4 Na5 13. Bc2 c5 14. Nf1 g5 15. Bg3 Nc6 16. Ne3 Be6 17. Bb3 Qd7 18. Bd5 Bxd5 19. exd5 Na7 20. Nxe5 Qb7 21. Qf3 Bd8 22. Nc6 Nxc6 23. dxc6 Qe7 24. O-O Bc7 25. Rfe1 1-0

[Event "CZE-tht Extraliga 2018-19"]
[Site "Czech Republic"]
[Date "2019.04.21"]
[Round "11.7"]
[White "Vlasak, Lukas"]
[Black "Zilka, Stepan"]
[Result "1/2-1/2"]
[WhiteElo "2415"]
[BlackElo "2534"]
[Annotator "ChessBase"]
[PlyCount "81"]
[EventDate "2018.11.03"]
[EventType "team-tourn"]
[EventCountry "CZE"]
[SourceTitle "playchess.com"]
[Source "ChessBase"]
[SourceQuality "1"]
[WhiteTeam "Turnov"]
[BlackTeam "Novoborsky"]

1. d4 Nf6 2. Nf3 e6 3. Bf4 b6 4. e3 Bb7 5. Nbd2 Nh5 6. Bg5 Be7 7. Bxe7 Qxe7 8. Bd3 O-O 9. Qe2 d5 10. c3 c5 11. O-O Nf6 12. dxc5 bxc5 13. e4 dxe4 14. Nxe4 Nbd7 15. Nxf6+ Nxf6 16. Rfd1 Rfd8 17. Bc2 h6 18. Ne5 Rxd1+ 19. Rxd1 Rd8 20. Rxd8+ Qxd8 21. Qd3 Qc7 22. Nc4 Be4 23. Qd2 Bxc2 24. Qxc2 Qf4 25. Ne3 h5 26. g3 Qe5 27. Qa4 Qb8 28. b4 Ne4 29. Qc6 Nxc3 30. Qxc5 Ne4 31. Qc4 Nd2 32. Qc5 Nf3+ 33. Kg2 Ne1+ 34. Kg1 Nd3 35. Qxh5 Qxb4 36. Qe2 Qe4 37. Qc2 Qd4 38. Qc8+ Kh7 39. Qc4 Qxc4 40. Nxc4 Kg6 41. f3 1/2-1/2

[Event "CZE-tht Extraliga 2018-19"]
[Site "Czech Republic"]
[Date "2019.04.21"]
[Round "11.7"]
[White "Meduna, Eduard"]
[Black "Richterova, Natasa"]
[Result "1-0"]
[WhiteElo "2380"]
[BlackElo "2218"]
[Annotator "NA"]
[PlyCount "81"]
[EventDate "2018.11.03"]
[EventType "team-tourn"]
[EventCountry "CZE"]
[SourceTitle "playchess.com"]
[Source "ChessBase"]
[SourceQuality "1"]
[WhiteTeam "Lysa nad Labem"]
[BlackTeam "Ostrava"]

1. d4 d6 2. e4 Nf6 3. Bd3 e5 4. c3 Nc6 5. Nf3 Bg4 6. d5 Ne7 7. h3 Bxf3 8. Qxf3 h6 9. h4 c6 10. c4 Qc7 11. Nc3 h5 12. Bd2 Ng6 13. g3 Be7 14. Nd1 Nf8 15. Ne3 g6 16. O-O N8d7 17. b4 c5 18. a3 O-O-O 19. Rfb1 Rdg8 20. Bf1 Kb8 21. Bh3 Rh7 22. Rb2 Ka8 23. Rab1 Rb8 24. Bf1 Qd8 25. Bh3 Qc7 26. Nd1 Qd8 27. Nc3 b6 28. Be3 Rh8 29. Nb5 Rf8 30. bxc5 bxc5 31. Bg5 Ne8 32. Bh6 Rh8 33. Be3 Nc7 34. Bxd7 Qxd7 35. Nxc7+ Qxc7 36. Rxb8+ Rxb8 37. Rxb8+ Kxb8 38. Qxf7 Qd8 39. Qxg6 Qh8 40. Bg5 Bf8 41. Qe8+ 1-0

[Event "CZE-tht Extraliga 2018-19"]
[Site "Czech Republic"]
[Date "2019.04.21"]
[Round "11.7"]
[White "Rabatin, Jakub"]
[Black "Vymazal, Bronislav"]
[Result "1-0"]
[WhiteElo "2291"]
[BlackElo "2367"]
[Annotator "NA"]
[PlyCount "71"]
[EventDate "2018.11.03"]
[EventType "team-tourn"]
[EventCountry "CZE"]
[SourceTitle "playchess.com"]
[Source "ChessBase"]
[SourceQuality "1"]
[WhiteTeam "Beskydska"]
[BlackTeam "Brno"]

1. e4 e5 2. Nf3 Nc6 3. Bb5 a6 4. Ba4 Nf6 5. d3 d6 6. c4 Be7 7. Nc3 O-O 8. h3 Nd4 9. Nxd4 exd4 10. Ne2 c5 11. O-O Rb8 12. Ng3 Ne8 13. f4 Nc7 14. f5 b5 15. Bb3 bxc4 16. dxc4 Bg5 17. Qg4 Bxc1 18. Raxc1 Qf6 19. Nh5 Qe5 20. Qh4 Kh8 21. Rf3 Rg8 22. Rg3 Ne8 23. Re1 Nf6 24. Nf4 Qe8 25. e5 dxe5 26. Rxg7 Rb6 27. Rxg8+ Nxg8 28. Nd3 f6 29. Nxc5 Bxf5 30. Ne4 Qg6 31. c5 Rb4 32. Nd6 Ne7 33. Rxe5 fxe5 34. Qxe7 Rxb3 35. Qf8+ Qg8 36. Nf7# 1-0

[Event "CZE-tht Extraliga 2018-19"]
[Site "Czech Republic"]
[Date "2019.04.21"]
[Round "11.7"]
[White "Petrova, Kristyna"]
[Black "Caletka, Radomir"]
[Result "1/2-1/2"]
[WhiteElo "2256"]
[BlackElo "2280"]
[Annotator "NA"]
[PlyCount "110"]
[EventDate "2018.11.03"]
[EventType "team-tourn"]
[EventCountry "CZE"]
[SourceTitle "playchess.com"]
[Source "ChessBase"]
[SourceQuality "1"]
[WhiteTeam "Siesta B"]
[BlackTeam "Poruba"]

1. c4 Nf6 2. Nf3 c5 3. g3 b6 4. Bg2 Bb7 5. Nc3 g6 6. d3 Bg7 7. Bg5 h6 8. Bd2 O-O 9. O-O d5 10. cxd5 Nxd5 11. Nxd5 Bxd5 12. Bc3 Nc6 13. Qa4 Rc8 14. a3 Qd6 15. Rfc1 a5 16. Qd1 e5 17. a4 Nd4 18. Nd2 Be6 19. Nc4 Qc7 20. e3 Nf5 21. Qe2 Rcd8 22. Rd1 Rfe8 23. Qc2 Ne7 24. Qb3 Rb8 25. Qc2 Red8 26. b3 Nd5 27. Bb2 Bg4 28. f3 Bf5 29. e4 Nb4 30. Qe2 Be6 31. h4 h5 32. Bc3 Nc6 33. Kh2 Qc8 34. Qb2 Nd4 35. Bd2 Rd7 36. Be3 f5 37. Bxd4 Rxd4 38. Bh3 Kh7 39. Qg2 Qd7 40. exf5 gxf5 41. Re1 Bxc4 42. dxc4 Rd8 43. Ra2 Kh8 44. Rae2 Qf7 45. Qf2 Qg6 46. Rg1 Rd3 47. Re3 R3d6 48. Rg2 Qf6 49. Re1 Rd3 50. Re3 R3d4 51. Re1 Bh6 52. Qe2 e4 53. fxe4 Rxe4 54. Qf1 Qe5 55. Rd1 Rxd1 1/2-1/2

[Event "CZE-tht Extraliga 2018-19"]
[Site "Czech Republic"]
[Date "2019.04.21"]
[Round "11.7"]
[White "Kawulok, Marek"]
[Black "Chytilek, Roman"]
[Result "0-1"]
[WhiteElo "2179"]
[BlackElo "2331"]
[Annotator "NA"]
[PlyCount "68"]
[EventDate "2018.11.03"]
[EventType "team-tourn"]
[EventCountry "CZE"]
[SourceTitle "playchess.com"]
[Source "ChessBase"]
[SourceQuality "1"]
[WhiteTeam "Cesky Tesin"]
[BlackTeam "Duras"]

1. d4 Nf6 2. c4 g6 3. g3 Bg7 4. Bg2 O-O 5. Nc3 d6 6. Nf3 c6 7. O-O Bg4 8. e4 Nfd7 9. h3 Bxf3 10. Bxf3 Qb6 11. d5 Qb4 12. Be2 Nc5 13. Qc2 Bxc3 14. bxc3 Qa4 15. Qb1 Nbd7 16. Be3 cxd5 17. exd5 Nb6 18. Bxc5 dxc5 19. Qb3 Qd7 20. Kg2 Nc8 21. Rfe1 Nd6 22. Bd3 Rfe8 23. Re5 Rac8 24. Rae1 e6 25. dxe6 Rxe6 26. Rxe6 fxe6 27. Qc2 Re8 28. Re5 Qc6+ 29. Kg1 Nf7 30. Re3 Qd6 31. Bxg6 hxg6 32. Qxg6+ Kf8 33. Rf3 Qd1+ 34. Kg2 Qxf3+ 0-1

[Event "CZE-tht Extraliga 2018-19"]
[Site "Czech Republic"]
[Date "2019.04.21"]
[Round "11.8"]
[White "Kriebel, Tadeas"]
[Black "Cech, Pavel"]
[Result "1-0"]
[WhiteElo "2514"]
[BlackElo "2326"]
[Annotator "ChessBase"]
[PlyCount "67"]
[EventDate "2018.11.03"]
[EventType "team-tourn"]
[EventCountry "CZE"]
[SourceTitle "playchess.com"]
[Source "ChessBase"]
[SourceQuality "1"]
[WhiteTeam "Novoborsky"]
[BlackTeam "Turnov"]

1. c4 e6 2. g3 d5 3. Bg2 Nf6 4. Nf3 Be7 5. O-O O-O 6. b3 b6 7. Bb2 Bb7 8. e3 Nbd7 9. Nc3 c5 10. Qe2 Rc8 11. Rac1 Qc7 12. d4 dxc4 13. Nb5 Qb8 14. bxc4 Qa8 15. Rfd1 Rfd8 16. d5 exd5 17. Nh4 g6 18. cxd5 Nxd5 19. e4 Nc7 20. Nd6 Bxd6 21. Rxd6 Nf8 22. Qd3 Nce6 23. Be5 Nd4 24. Qe3 Rxd6 25. Bxd6 Rd8 26. Be5 Nd7 27. Bxd4 cxd4 28. Qg5 Nc5 29. Nf5 Nxe4 30. Nh6+ Kg7 31. Bxe4 Bxe4 32. Rc7 Rf8 33. Ng4 Kg8 34. Qe5 1-0